000
00281nam a22000977a 4500
999
_c
263511
_d
263510
020
_a
9780439377096
100
_a
Dav Pilkey & Dan Santat.
245
_a
Ricky Ricotta's mighty robot vs the naughty nightcrawlers from Nepture.
260
_a
NewYork
_b
Scholastic Inc
_c
2021
942
_c
BK